Resistencia de materiales aplicada

Guardat en:
Dades bibliogràfiques
Autor principal: Mott, Robert L. (autor)
Format: Llibre
Idioma:espanyol
Publicat: Ciudad de México Prentice-Hall Hispanoamericana 1996
Matèries:
Etiquetes: Afegir etiqueta
Sense etiquetes, Sigues el primer a etiquetar aquest registre!

MARC

LEADER 00000nam a2200000 a 4500
001 UCR0415
003 CL-VaPUC
005 20240724164046.0
008 971205e19960000MX |||||||||||||||||spa|d
999 |c 263937  |d 263935 
020 |a 9688808016 
040 |c Pontificia Universidad Católica de Valparaíso 
082 0 4 |a 620.112  |b MOT  |2 21 
100 |a Mott, Robert L.  |e autor  |9 359464 
245 1 0 |a Resistencia de materiales aplicada 
260 |a Ciudad de México  |b Prentice-Hall Hispanoamericana  |c 1996 
300 |a 640 p 
583 |a last modification  |c 20130306 01:55:59  |k Rodrigo Vera 
650 0 |a Resistencia de materiales  |9 260095  |x Ingeniería   |v Problemas y soluciones  
650 0 |a Mecánica de los materiales  |9 434867  |v Problemas, ejercicios, etc. 
650 0 |a Análisis de estructuras   |9 346651  |v Tensión, torsión, flexión, etc. 
942 |c BK  |2 ddc 
945 |d 19971205 00:00:00  |a jquezada 
952 |0 0  |1 0  |4 0  |6 620_112000000000000_MOT_1996  |7 0  |8 R  |9 293458  |a BIBMEC  |b BIBMEC  |d 2019-11-19  |i 3380858  |o 620.112 MOT 1996  |p 3380858  |r 2024-01-19  |w 2019-11-19  |y BK_R  |k MEC 
952 |0 0  |1 0  |4 0  |6 620_112000000000000_MOT_1996  |7 0  |8 R  |9 293459  |a BIBMEC  |b BIBMEC  |d 2019-11-19  |i 3380866  |o 620.112 MOT 1996  |p 3380866  |r 2024-01-19  |w 2019-11-19  |y BK_R  |k MEC 
952 |0 0  |1 0  |4 0  |6 620_112000000000000_MOT_1996  |7 0  |8 R  |9 293460  |a BIBMEC  |b BIBMEC  |d 2019-11-19  |i 3428125  |o 620.112 MOT 1996  |p 3428125  |r 2024-01-19  |w 2019-11-19  |y BK_R  |k MEC 
952 |0 0  |1 0  |4 0  |6 620_112000000000000_MOT_1996  |7 0  |8 R  |9 293461  |a BIBMEC  |b BIBMEC  |d 2019-11-19  |i 3520986  |o 620.112 MOT 1996  |p 3520986  |r 2024-01-19  |w 2019-11-19  |y BK_R  |k MEC 
952 |0 0  |1 0  |4 0  |6 620_112000000000000_MOT_1996  |7 0  |8 R  |9 293462  |a BIBMEC  |b BIBMEC  |d 2019-11-19  |i 3535622  |o 620.112 MOT 1996  |p 3535622  |r 2024-01-19  |w 2019-11-19  |y BK_R  |k MEC 
952 |0 0  |1 0  |2 ddc  |4 0  |6 620_112000000000000_MOT_1996  |7 0  |8 R  |9 293463  |a BIBMEC  |b BIBMEC  |d 2019-11-19  |i 3538133  |l 1  |o 620.112 MOT 1996  |p 3538133  |r 2024-01-19  |s 2021-01-21  |w 2019-11-19  |y BK_R  |k MEC 
952 |0 0  |1 0  |4 0  |6 620_112000000000000_MOT_1996  |7 0  |8 R  |9 293464  |a BIBMEC  |b BIBMEC  |d 2019-11-19  |i 3563162  |o 620.112 MOT 1996  |p 3563162  |r 2024-01-19  |w 2019-11-19  |y BK_R  |k MEC 
952 |0 0  |1 0  |4 0  |6 620_112000000000000_MOT_1996  |7 0  |8 R  |9 293465  |a BIBMEC  |b BIBMEC  |d 2019-11-19  |i 3563170  |o 620.112 MOT 1996  |p 3563170  |r 2024-01-19  |w 2019-11-19  |y BK_R  |k MEC 
952 |0 0  |1 0  |4 0  |6 620_112000000000000_MOT_1996  |7 0  |8 R  |9 293466  |a BIBMEC  |b BIBMEC  |d 2019-11-19  |i 3563197  |l 2  |o 620.112 MOT 1996  |p 3563197  |r 2024-01-19  |s 2021-07-08  |w 2019-11-19  |y BK_R  |k MEC 
952 |0 0  |1 0  |2 ddc  |4 0  |6 620_112000000000000_MOT_1996  |7 0  |8 A  |9 293467  |a BIBING  |b BIBING  |c RES  |d 2019-11-19  |i 3956636  |l 1  |o 620.112 MOT 1996  |p 3956636  |r 2025-01-20  |s 2022-08-30  |w 2019-11-19  |y BK  |k CCL 
952 |0 0  |1 0  |4 0  |6 620_112000000000000_MOT_1996  |7 0  |8 R  |9 293468  |a BIBMEC  |b BIBMEC  |d 2019-11-19  |i 4298306  |l 1  |o 620.112 MOT 1996  |p 4298306  |r 2024-04-10  |s 2024-04-03  |w 2019-11-19  |y BK_R  |k MEC 
952 |0 0  |1 0  |4 0  |6 620_112000000000000_MOT_1996  |7 0  |8 R  |9 293469  |a BIBMEC  |b BIBMEC  |d 2019-11-19  |i 4298314  |o 620.112 MOT 1996  |p 4298314  |r 2024-01-19  |w 2019-11-19  |y BK_R  |k MEC 
952 |0 0  |1 0  |2 ddc  |4 0  |6 620_112000000000000_MOT_1996  |7 0  |8 A  |9 293470  |a BIBING  |b BIBING  |c RES  |d 2019-11-19  |i 4623746  |l 2  |o 620.112 MOT 1996  |p 4623746  |r 2025-01-20  |s 2024-11-29  |w 2019-11-19  |y BK  |k CIC